000 01368ncm a2200397 c 4500
999 _c301879
_d301879
003 BLK
005 20250128005527.0
008 180414b bul |a|er|||| |0| c|bulo|
010 _aNOT00001282000
040 _aBLK
041 _aDEU
_cDEU
080 _aСимфонии. За симфоничен оркестър
_b785.11.082.1
_z785.11.082.1
100 1 _aБерлиоз, Хектор
_eпърви автор
_938567
139 _aБерлиоз, Хектор
_bБ 38
245 1 0 _aSymphonie Fantastique
_cХектор Берлиоз; * Hector Berlioz.
_sOp.14
246 1 1 _aEpisode de la vie d`un artiste
_bФантастична симфония
254 _aПартитура
257 _aFRA
260 _bPeters 621
_cS. a.
300 _a231 с.
_c19 см
380 _a7
650 0 _aОркестри, симфонични
_9316704
653 _aсимфонии
653 _aромантизъм
653 _aфантастична симфония
653 _aпрограмна музика
700 1 _aBerlioz, Hector
_e*
_95051
852 _aЦб М 720
_p0
856 4 _qpdf
_u
856 4 _qpdf
_u
942 _cNOT
_n0
_s1
944 _aCR
_c15.06.2005
_k
_lCRON CRON
944 _aED
_c24.03.2017
_kИрена_Линкова
944 _aED
_c2020-04-04
_kРенета Константинова
999 _d301879